The Soviet high command, 1967-1989 : personalities and politics /

Bibliographic Details
Main Author: Herspring, Dale R. (Dale Roy)
Format: Book
Language:English
Published: Princeton, N.J. : Princeton University Press, [1990]
Subjects:

MARC

Tag First Indicator Second Indicator Subfields
LEADER 00000cam a2200000 a 4500
001 in00001007397
005 20150927215201.0
008 890614s1990 njuaf b 00110deng
010 |a  89035220  
020 |a 0691078440 (alk. paper) :  |c $39.95 
020 |a 0691023182 (pbk. alk. : paper) :  |c $14.50 
035 |a (OCoLC)20016422 
035 |9 AFD5827AM 
040 |a DLC  |c DLC  |d TXA  |d UtOrBLW 
043 |a e-ur--- 
049 |a TXAS [mil] 
050 0 0 |a UA770  |b .H48 1990 
082 0 0 |a 355/.0092/247  |2 20 
100 1 |a Herspring, Dale R.  |q (Dale Roy) 
245 1 4 |a The Soviet high command, 1967-1989 :  |b personalities and politics /  |c Dale R. Herspring. 
264 1 |a Princeton, N.J. :  |b Princeton University Press,  |c [1990] 
264 4 |c ©1990 
300 |a xv, 322 pages, 1 unnumbered page of plates :  |b illustrations ;  |c 25 cm. 
336 |a text  |b txt  |2 rdacontent 
337 |a unmediated  |b n  |2 rdamedia 
338 |a volume  |b nc  |2 rdacarrier 
504 |a Includes bibliographical references. 
500 |a Includes index. 
651 0 |a Soviet Union  |x Armed Forces  |x History  |y 20th century. 
651 0 |a Soviet Union  |x Politics and government  |y 1945-1991. 
650 0 |a Generals  |z Soviet Union. 
999 |a MARS 
999 f f |s 4d544824-d70c-3f8c-a172-c2d07e204137  |i 91279c79-69cf-325a-9102-08b7e18f132f  |t 0 
952 f f |p noncirc  |a Texas A&M University  |b College Station  |c Cushing Memorial Library & Archives  |d Cushing: Ragan Military (Does not check out)  |t 0  |e UA770 .H48 1990  |h Library of Congress classification  |i unmediated -- volume 
998 f f |a UA770 .H48 1990  |t 0  |l Cushing: Ragan Military (Does not check out)